000 01139nam a2200325 a 4500
999 _c37576
_d37576
003 BLK
005 20230913121740.0
008 180408b bul|||||r ||||||| ||bul||
010 _aKNG00040737000
040 _aBLK
041 _aRUS
_cRUS
080 _aАмериканска литература (на САЩ)
_b821.111(73)
_x-31
_z821.111(73)-31
100 _91299
_aАпдайк, Джон
_eпърви автор
139 _aАпдайк, Джон и др.
_bА 78
245 1 0 _aКентавр
245 1 0 _aФерма
_bРоманы
_cДжон Апдайк
245 1 0 _aСад радостей земных
_bРоман
_cДжойс Кэрол Оутс ; пер. с англ.
257 _aUSA
260 _aМосква
_bРадуга
_c1984
300 _a766 с
_c21 см
380 _aX
490 _aБиблиотека литературы США
_9204336
700 _aОутс, Джойс Кэрол
_eсъавт.
_91445
852 _bП
856 4 _qpdf
_i0.00
_ldisable
856 4 _qpdf
_i0.00
_ldisable
942 _cKNG
_n0
_s1
_02
944 _aCR
_c21.11.2017
_k30576
_lЦветомила Тодорова
999 _d37576